[Event "DVM U10 2016"]
[Site "Magdeburg GER"]
[Date "2016.12.28"]
[Round "5"]
[White "Hierl, Andreas"]
[Black "Kemper, Matti"]
[Result "1/2-1/2"]
[Termination "normal"]
[Board "25.3"]
[WhiteElo "600"]
[BlackElo "908"]
[WhiteTeam "SK Neumarkt"]
[BlackTeam "SV Roter Turm Halle 2"]
[PlyCount "41"]
[WhiteFideId "34660496"]
[EventCountry "GER"]
[EventRounds "7"]
[EventType "team-swiss"]
[EventDate "2016.12.27"]

1. Nf3 Nc6 2. e4 e5 3. Nc3 Nf6 4. Bc4 Be7 5. Ng5 d5 6. exd5 Nxd5 7. Nge4 Be6 8.
O-O Nf4 9. Bxe6 Nxe6 10. Qf3 Ng5 11. Nxg5 Bxg5 12. Qg3 Nd4 13. Qxe5+ Ne6 14.
Nd5 O-O 15. b3 Bf6 16. Nxf6+ Qxf6 17. Qxf6 gxf6 18. Bb2 Kg7 19. f4 Rg8 20. f5
Ng5 21. g3 1/2-1/2

[Event "DVM U10 2016"]
[Site "Magdeburg GER"]
[Date "2016.12.28"]
[Round "5"]
[White "Fiedler, Ian Fynn"]
[Black "Thieme, Simon"]
[Result "1-0"]
[Termination "normal"]
[Board "25.4"]
[WhiteElo "600"]
[BlackElo "600"]
[WhiteTeam "SV Roter Turm Halle 2"]
[BlackTeam "SK Neumarkt"]
[PlyCount "49"]
[WhiteFideId "16275012"]
[EventCountry "GER"]
[EventRounds "7"]
[EventType "team-swiss"]
[EventDate "2016.12.27"]

1. e4 e5 2. Nf3 Nc6 3. d4 Bb4+ 4. Nc3 Nf6 5. Bd2 O-O 6. dxe5 Ng4 7. Qe2 h6 8.
h3 b6 9. hxg4 Ba6 10. Qxa6 Na5 11. a3 Bc5 12. b4 Be7 13. bxa5 Rc8 14. Bd3 bxa5
15. O-O c6 16. Ne2 Rb8 17. Bxa5 Qe8 18. Qxa7 Ra8 19. Qb6 Rb8 20. Qd4 Ra8 21.
Bc3 d5 22. exd6 Bf6 23. e5 Bd8 24. Qe4 Bb6 25. Qh7# 1-0

[Event "DVM U10 2016"]
[Site "Magdeburg GER"]
[Date "2016.12.28"]
[Round "5"]
[White "Merdian, Nick"]
[Black "Gossing, Marie-Sophie"]
[Result "1/2-1/2"]
[Termination "normal"]
[Board "26.1"]
[WhiteElo "1115"]
[BlackElo "985"]
[WhiteTeam "SC Postbauer-Heng"]
[BlackTeam "Lübecker SV 1"]
[PlyCount "47"]
[WhiteFideId "16255275"]
[BlackFideId "16217284"]
[EventCountry "GER"]
[EventRounds "7"]
[EventType "team-swiss"]
[EventDate "2016.12.27"]

1. e4 e5 2. Nf3 Nc6 3. Bc4 Bc5 4. b4 Bxb4 5. c3 Bc5 6. d4 exd4 7. cxd4 Bb4+ 8.
Bd2 Bxd2+ 9. Nbxd2 d6 10. h3 Nf6 11. O-O O-O 12. Qb3 Na5 13. Qd3 Nxc4 14. Nxc4
Re8 15. Rfe1 c6 16. e5 dxe5 17. Nfxe5 Be6 18. Rab1 Rb8 19. a3 Nd5 20. Na5 Nf4
21. Qc3 Qd5 22. f3 Qa2 23. Rb2 Qd5 24. Re4 1/2-1/2

[Event "DVM U10 2016"]
[Site "Magdeburg GER"]
[Date "2016.12.28"]
[Round "5"]
[White "Mikulasch, Nicole"]
[Black "Widderich, Jan Ole"]
[Result "1/2-1/2"]
[Termination "normal"]
[Board "26.3"]
[WhiteElo "880"]
[BlackElo "600"]
[WhiteTeam "SC Postbauer-Heng"]
[BlackTeam "Lübecker SV 1"]
[PlyCount "44"]
[EventCountry "GER"]
[EventRounds "7"]
[EventType "team-swiss"]
[EventDate "2016.12.27"]

1. b3 e5 2. Bb2 Nc6 3. e3 d5 4. Nf3 Nf6 5. Bb5 a6 6. Bxc6+ bxc6 7. O-O Bc5 8.
Nxe5 Qd6 9. h3 d4 10. Nd3 Rb8 11. Nf4 Qe5 12. Qf3 Bd6 13. Bxd4 Qg5 14. Qxc6+
Bd7 15. Qf3 O-O 16. Ba7 Ra8 17. Bd4 Rfe8 18. Bxf6 gxf6 19. Nd5 Qe5 20. g3 Qxa1
21. Nxf6+ Kg7 22. Nxe8+ Rxe8 1/2-1/2

[Event "DVM U10 2016"]
[Site "Magdeburg GER"]
[Date "2016.12.28"]
[Round "5"]
[White "Mischke, Richard"]
[Black "Ellert, Stefan"]
[Result "0-1"]
[Termination "normal"]
[Board "27.1"]
[WhiteElo "900"]
[BlackElo "1246"]
[WhiteTeam "VfL Gräfenhainichen"]
[BlackTeam "SV Schachfreunde Friedrichshagen"]
[PlyCount "54"]
[WhiteFideId "16255585"]
[BlackFideId "16235029"]
[EventCountry "GER"]
[EventRounds "7"]
[EventType "team-swiss"]
[EventDate "2016.12.27"]

1. d4 Nf6 2. Nf3 d5 3. Nc3 e6 4. g3 b6 5. Bg2 Bb7 6. O-O c5 7. Bf4 Nbd7 8. Nb5
Rc8 9. Bd6 cxd4 10. Qxd4 a6 11. Bxf8 Nxf8 12. Nc3 Ng6 13. e4 dxe4 14. Nxe4 Qxd4
15. Nxd4 Bxe4 16. Rfe1 Bxg2 17. Kxg2 O-O 18. Rad1 e5 19. Nf3 Rxc2 20. Rb1 Ng4
21. Rf1 e4 22. Nd4 Rc4 23. Nf5 e3 24. fxe3 Rc5 25. Kh3 h5 26. b4 Rc2 27. a3
Rxh2# 0-1

[Event "DVM U10 2016"]
[Site "Magdeburg GER"]
[Date "2016.12.28"]
[Round "5"]
[White "Murach, Moritz"]
[Black "Gertz, Amon"]
[Result "1-0"]
[Termination "normal"]
[Board "27.2"]
[WhiteElo "849"]
[BlackElo "762"]
[WhiteTeam "SV Schachfreunde Friedrichshagen"]
[BlackTeam "VfL Gräfenhainichen"]
[PlyCount "45"]
[EventCountry "GER"]
[EventRounds "7"]
[EventType "team-swiss"]
[EventDate "2016.12.27"]

1. e4 e5 2. Nf3 Nc6 3. Bc4 Nf6 4. d3 Bc5 5. c3 O-O 6. d4 exd4 7. cxd4 Bb4+ 8.
Bd2 Nxe4 9. Bxb4 Nxb4 10. Bd3 Nxd3+ 11. Qxd3 Re8 12. O-O d5 13. Re1 Bf5 14. Nc3
Qe7 15. Nxd5 Qe6 16. Nxc7 Qg6 17. Nxa8 Bh3 18. g3 h6 19. Nc7 Rd8 20. Qxe4 Qb6
21. Qe5 Qxb2 22. Ne8 Qc2 23. Qxg7# 1-0

[Event "DVM U10 2016"]
[Site "Magdeburg GER"]
[Date "2016.12.28"]
[Round "5"]
[White "Stockmann, Pit"]
[Black "Tempel, Emil"]
[Result "1-0"]
[Termination "normal"]
[Board "27.3"]
[WhiteElo "735"]
[BlackElo "600"]
[WhiteTeam "VfL Gräfenhainichen"]
[BlackTeam "SV Schachfreunde Friedrichshagen"]
[PlyCount "59"]
[WhiteFideId "16247000"]
[EventCountry "GER"]
[EventRounds "7"]
[EventType "team-swiss"]
[EventDate "2016.12.27"]

1. e4 e5 2. Nf3 Nc6 3. Nc3 d6 4. Bb5 Bg4 5. d3 a6 6. Bxc6+ bxc6 7. Bg5 f6 8.
Be3 d5 9. exd5 cxd5 10. d4 exd4 11. Bxd4 Bb4 12. O-O Ne7 13. Qd3 O-O 14. a3
Bxc3 15. Bxc3 c5 16. b4 c4 17. Qe3 Nf5 18. Qf4 Re8 19. Qxg4 Qc8 20. Bd2 Re4 21.
Bf4 d4 22. Rfe1 Rxe1+ 23. Rxe1 d3 24. cxd3 cxd3 25. Rd1 a5 26. g3 Qd7 27. Nh4
g6 28. Nxf5 Qxf5 29. Qxf5 gxf5 30. Rxd3 1-0

[Event "DVM U10 2016"]
[Site "Magdeburg GER"]
[Date "2016.12.28"]
[Round "5"]
[White "Graßmann, Ludwig"]
[Black "Kuhlmann, Nils Magnus"]
[Result "1-0"]
[Termination "normal"]
[Board "27.4"]
[WhiteElo "600"]
[BlackElo "600"]
[WhiteTeam "SV Schachfreunde Friedrichshagen"]
[BlackTeam "VfL Gräfenhainichen"]
[PlyCount "73"]
[WhiteFideId "16238486"]
[BlackFideId "16287177"]
[EventCountry "GER"]
[EventRounds "7"]
[EventType "team-swiss"]
[EventDate "2016.12.27"]

1. e4 e5 2. Nf3 Nf6 3. Nc3 Bc5 4. Nxe5 Qe7 5. Nf3 O-O 6. Bc4 Nxe4 7. Nxe4 Qxe4+
8. Be2 d5 9. d3 Qb4+ 10. Bd2 Qxb2 11. O-O Bd4 12. Nxd4 Qxd4 13. Be3 Qc3 14. Bd2
Qb2 15. c3 Nc6 16. Rb1 Qxa2 17. d4 Bf5 18. Rc1 Na5 19. Ra1 Qc2 20. Qxc2 Bxc2
21. Rxa5 Rfe8 22. Re1 Bd3 23. Kf1 Bc4 24. Bxc4 dxc4 25. Rxe8+ Rxe8 26. Rc5 b6
27. Rxc7 a5 28. Rb7 Ra8 29. Rxb6 a4 30. Bc1 h6 31. Ke2 a3 32. Bxa3 Rxa3 33. Kd2
Ra2+ 34. Kc1 Ra3 35. Kb2 Ra5 36. Rb4 Rc5 37. dxc5 1-0

[Event "DVM U10 2016"]
[Site "Magdeburg GER"]
[Date "2016.12.28"]
[Round "5"]
[White "Przibylla, Thomas"]
[Black "Sommer, Justus"]
[Result "0-1"]
[Termination "normal"]
[Board "28.1"]
[WhiteElo "998"]
[BlackElo "862"]
[WhiteTeam "Langenfelder Schachfreunde"]
[BlackTeam "Lübecker SV 2"]
[PlyCount "66"]
[BlackFideId "16245008"]
[EventCountry "GER"]
[EventRounds "7"]
[EventType "team-swiss"]
[EventDate "2016.12.27"]

1. e4 e5 2. Nf3 Nc6 3. d4 exd4 4. Nxd4 Bc5 5. Nf5 Qf6 6. Qd5 Bb6 7. Bc4 Nge7 8.
Qd3 O-O 9. O-O Nxf5 10. exf5 d6 11. Nc3 Bxf5 12. Qg3 Bxc2 13. b3 Bd4 14. Bb2
Be5 15. Qg4 Bxc3 16. Bxc3 Qxc3 17. Rac1 Qd2 18. Rce1 d5 19. Re2 Qa5 20. Rxc2
dxc4 21. Re2 cxb3 22. axb3 Qd5 23. Rfe1 Qxb3 24. Qe4 Qe6 25. Qb1 Qc8 26. Re3 b6
27. Rh3 h6 28. Qe4 Na5 29. Ree3 Qb7 30. Qg4 Qc6 31. g3 Rad8 32. Rh4 Rd6 33. Qf5
Rd1+ 0-1

[Event "DVM U10 2016"]
[Site "Magdeburg GER"]
[Date "2016.12.28"]
[Round "5"]
[White "Schmitz, Niklas"]
[Black "Brumm, Nico"]
[Result "1/2-1/2"]
[Termination "normal"]
[Board "28.2"]
[WhiteElo "775"]
[BlackElo "901"]
[WhiteTeam "Lübecker SV 2"]
[BlackTeam "Langenfelder Schachfreunde"]
[PlyCount "76"]
[BlackFideId "16257693"]
[EventCountry "GER"]
[EventRounds "7"]
[EventType "team-swiss"]
[EventDate "2016.12.27"]

1. e4 e5 2. Nf3 Nc6 3. Nc3 Nf6 4. d3 Bc5 5. Bg5 h6 6. Be3 Bxe3 7. fxe3 d6 8. d4
Bg4 9. Bb5 a6 10. Bd3 Bxf3 11. Qxf3 exd4 12. exd4 Nxd4 13. Qf2 c5 14. O-O-O O-O
15. e5 dxe5 16. Rhe1 Ng4 17. Qg3 Qg5+ 18. Kb1 Rfe8 19. Qf3 Nxf3 20. Be2 Nxe1
21. Rxe1 Nxh2 22. Rh1 Qxg2 23. Re1 b5 24. Bh5 b4 25. Re2 Qg1+ 26. Re1 Qxe1+ 27.
Nd1 Rad8 28. a3 Rxd1+ 29. Bxd1 Qxd1+ 30. Ka2 Qxc2 31. axb4 cxb4 32. Ka1 Qc1+
33. Ka2 Rc8 34. Kb3 Qc4+ 35. Ka4 Qb5+ 36. Kb3 Qc4+ 37. Ka4 b3+ 38. Ka3 Qb5
1/2-1/2

[Event "DVM U10 2016"]
[Site "Magdeburg GER"]
[Date "2016.12.28"]
[Round "5"]
[White "Lentz, Johannes Carl"]
[Black "Gossing, Maxi-Sophia"]
[Result "0-1"]
[Termination "normal"]
[Board "28.3"]
[WhiteElo "600"]
[BlackElo "790"]
[WhiteTeam "Langenfelder Schachfreunde"]
[BlackTeam "Lübecker SV 2"]
[PlyCount "52"]
[EventCountry "GER"]
[EventRounds "7"]
[EventType "team-swiss"]
[EventDate "2016.12.27"]

1. e4 e5 2. Nf3 Nc6 3. Bc4 Nf6 4. Ng5 d5 5. exd5 Na5 6. Bb3 Nxb3 7. axb3 Qxd5
8. O-O Bd7 9. Nc3 Qc6 10. d3 h6 11. Nge4 Nxe4 12. dxe4 Rd8 13. Be3 Be6 14. Qf3
Be7 15. Rxa7 O-O 16. Qg3 Kh7 17. Ra5 f6 18. f4 b6 19. Ra4 b5 20. Ra2 Bc5 21.
Re1 Rd2 22. Re2 Rxe2 23. Nxe2 Qxe4 24. fxe5 fxe5 25. Ra6 Bxe3+ 26. Kh1 Rf1+ 0-1

[Event "DVM U10 2016"]
[Site "Magdeburg GER"]
[Date "2016.12.28"]
[Round "5"]
[White "Gauer, Liam"]
[Black "Heutling, Sarah"]
[Result "1-0"]
[Termination "normal"]
[Board "29.1"]
[WhiteElo "785"]
[BlackElo "600"]
[WhiteTeam "Hagener SV 2"]
[BlackTeam "Schachzwerge Magdeburg 2"]
[PlyCount "73"]
[WhiteFideId "16235720"]
[BlackFideId "16287304"]
[EventCountry "GER"]
[EventRounds "7"]
[EventType "team-swiss"]
[EventDate "2016.12.27"]

1. d4 d5 2. Bf4 Nc6 3. Nc3 Nf6 4. Nb5 e5 5. dxe5 Nh5 6. Be3 Bb4+ 7. c3 Be7 8.
g4 Nf6 9. h3 Nxe5 10. Bf4 Ned7 11. Nxc7+ Kf8 12. Nxa8 Bc5 13. b4 Be7 14. g5 Nh5
15. Bc7 Qe8 16. Qxd5 Nf4 17. Qd4 Ne6 18. Qd2 Bxg5 19. Qd1 b6 20. Bd6+ Kg8 21.
Nc7 Nxc7 22. Bxc7 Bb7 23. f3 Bh4+ 24. Kd2 Qc8 25. Bd6 Bf6 26. Qb3 Qe8 27. Rd1
Bg5+ 28. Kc2 Bf6 29. Rh2 Qc8 30. Rg2 Qc6 31. Bf4 Qc8 32. e4 b5 33. Bxb5 a6 34.
Bxd7 Qd8 35. Bc6 Qc8 36. Bxb7 Qxb7 37. Qa4 1-0

[Event "DVM U10 2016"]
[Site "Magdeburg GER"]
[Date "2016.12.28"]
[Round "5"]
[White "Schlange, Tamara"]
[Black "Schlie, Valentin"]
[Result "1-0"]
[Termination "normal"]
[Board "29.2"]
[WhiteElo "600"]
[BlackElo "770"]
[WhiteTeam "Schachzwerge Magdeburg 2"]
[BlackTeam "Hagener SV 2"]
[PlyCount "75"]
[WhiteFideId "34600817"]
[BlackFideId "16228103"]
[EventCountry "GER"]
[EventRounds "7"]
[EventType "team-swiss"]
[EventDate "2016.12.27"]

1. e4 e5 2. Nf3 Nc6 3. Bc4 Nd4 4. Nxe5 f6 5. Ng4 Ne7 6. O-O Ng6 7. d3 Bc5 8. c3
Nc6 9. b4 Bf8 10. b5 Nce7 11. h3 c6 12. a4 cxb5 13. axb5 a6 14. Ne3 Nf4 15. Ng4
Neg6 16. d4 Bd6 17. Ba3 Bxa3 18. Rxa3 Qe7 19. Ra2 Qxe4 20. Ne3 Qe7 21. Kh2 d6
22. Qb3 Qc7 23. Re1 Kd8 24. Nd2 Qb6 25. Ne4 f5 26. Ng3 Nh4 27. Qd1 Bd7 28. Qh5
Nfg6 29. Qg5+ Kc8 30. Ngxf5 Bxf5 31. Nxf5 Nxf5 32. Qxf5+ Kc7 33. Rae2 axb5 34.
Bd5 Rab8 35. Qf7+ Kc8 36. Re8+ Rxe8 37. Rxe8+ Qd8 38. Be6# 1-0

[Event "DVM U10 2016"]
[Site "Magdeburg GER"]
[Date "2016.12.28"]
[Round "5"]
[White "Graf, Micha"]
[Black "Rogalski, Niclas"]
[Result "0-1"]
[Termination "normal"]
[Board "30.3"]
[WhiteElo "600"]
[BlackElo "600"]
[WhiteTeam "SV Hemer"]
[BlackTeam "SK Blauer Springer Paderborn"]
[PlyCount "22"]
[BlackFideId "34640320"]
[EventCountry "GER"]
[EventRounds "7"]
[EventType "team-swiss"]
[EventDate "2016.12.27"]

1. e4 e5 2. Nf3 Nc6 3. Bc4 Nf6 4. O-O d6 5. Nc3 Bg4 6. Ng5 h6 7. Ne6 Qe7 8.
Nxc7+ Qxc7 9. Re1 Be7 10. d3 O-O 11. Be3 Bxd1 0-1

[Event "DVM U10 2016"]
[Site "Magdeburg GER"]
[Date "2016.12.29"]
[Round "7"]
[White "Bungarten, Jona"]
[Black "Gutewort, Paul Emil"]
[Result "0-1"]
[Termination "normal"]
[Board "1.1"]
[WhiteElo "1716"]
[BlackElo "1506"]
[WhiteClock "00:35:50"]
[BlackClock "00:43:45"]
[WhiteTeam "SF Brackel"]
[BlackTeam "SF Nordost Berlin 1"]
[PlyCount "124"]
[WhiteFideId "16223608"]
[BlackFideId "16204182"]
[EventCountry "GER"]
[EventRounds "7"]
[EventType "team-swiss"]
[EventDate "2016.12.27"]

1. e4 {[%clk 0:59:59]} e5 {[%clk 0:59:55]} 2. Nf3 {[%clk 0:59:53]} Nc6 {[%clk
0:59:51]} 3. Bc4 {[%clk 0:59:48]} Bc5 {[%clk 0:59:45]} 4. b4 {[%clk 0:59:39]}
Bxb4 {[%clk 0:59:37]} 5. c3 {[%clk 0:59:33]} Ba5 {[%clk 0:59:30]} 6. d4 {[%clk
0:59:22]} exd4 {[%clk 0:59:11]} 7. O-O {[%clk 0:59:14]} Nf6 {[%clk 0:58:53]} 8.
Ba3 {[%clk 0:58:23]} d6 {[%clk 0:58:43]} 9. Qb3 {[%clk 0:57:31]} O-O {[%clk
0:58:32]} 10. e5 {[%clk 0:56:18]} Ne4 {[%clk 0:57:21]} 11. cxd4 {[%clk
0:55:50]} Bb6 {[%clk 0:56:45]} 12. e6 {[%clk 0:53:58]} Na5 {[%clk 0:55:53]} 13.
exf7+ {[%clk 0:52:56]} Kh8 {[%clk 0:55:47]} 14. Qd3 {[%clk 0:50:23]} Nxc4
{[%clk 0:55:43]} 15. Re1 {[%clk 0:46:05]} Nxa3 {[%clk 0:54:40]} 16. Rxe4 {[%clk
0:45:25]} Bf5 {[%clk 0:53:58]} 17. Nc3 {[%clk 0:45:18]} d5 {[%clk 0:52:50]} 18.
Rae1 {[%clk 0:44:32]} dxe4 {[%clk 0:52:26]} 19. Nxe4 {[%clk 0:44:01]} h6 {[%clk
0:51:29]} 20. Qxa3 {[%clk 0:43:36]} Bxe4 {[%clk 0:50:47]} 21. Rxe4 {[%clk
0:43:27]} Rxf7 {[%clk 0:50:23]} 22. Ne5 {[%clk 0:43:07]} Rf6 {[%clk 0:49:29]}
23. Qg3 {[%clk 0:42:11]} Qd6 {[%clk 0:49:03]} 24. h3 {[%clk 0:41:18]} Bxd4
{[%clk 0:48:30]} 25. Kh1 {[%clk 0:39:39]} Bxe5 {[%clk 0:48:10]} 26. Qxe5 {[%clk
0:39:11]} Qxe5 {[%clk 0:48:00]} 27. Rxe5 {[%clk 0:39:05]} Rxf2 {[%clk 0:47:49]}
28. Kg1 {[%clk 0:38:56]} Rxa2 {[%clk 0:47:43]} 29. Re1 {[%clk 0:38:49]} Kh7
{[%clk 0:47:38]} 30. Kh2 {[%clk 0:38:40]} Rd8 {[%clk 0:47:28]} 31. Kg3 {[%clk
0:38:35]} Rdd2 {[%clk 0:47:23]} 32. Rg1 {[%clk 0:38:27]} b5 {[%clk 0:47:06]}
33. h4 {[%clk 0:38:21]} b4 {[%clk 0:47:02]} 34. h5 {[%clk 0:38:17]} b3 {[%clk
0:46:57]} 35. Kf3 {[%clk 0:38:10]} Rdc2 {[%clk 0:46:51]} 36. g4 {[%clk
0:38:03]} b2 {[%clk 0:46:37]} 37. Rb1 {[%clk 0:37:56]} Rc1 {[%clk 0:46:33]} 38.
Rxb2 {[%clk 0:37:49]} Rxb2 {[%clk 0:46:29]} 39. Ke4 {[%clk 0:37:41]} Ra1 {[%clk
0:46:24]} 40. Kd5 {[%clk 0:37:36]} c6+ {[%clk 0:46:18]} 41. Kd6 {[%clk
0:37:32]} c5 {[%clk 0:46:14]} 42. Kd5 {[%clk 0:37:29]} c4 {[%clk 0:46:10]} 43.
Kxc4 {[%clk 0:37:23]} Ra3 {[%clk 0:46:05]} 44. Kd4 {[%clk 0:37:19]} Rb4+ {[%clk
0:46:00]} 45. Kc5 {[%clk 0:37:13]} a5 {[%clk 0:45:49]} 46. g5 {[%clk 0:37:07]}
Rc3+ {[%clk 0:45:46]} 47. Kd5 {[%clk 0:37:01]} hxg5 {[%clk 0:45:39]} 48. h6
{[%clk 0:36:57]} Kxh6 {[%clk 0:45:28]} 49. Ke5 {[%clk 0:36:52]} Rc5+ {[%clk
0:45:23]} 50. Kd6 {[%clk 0:36:48]} Rc1 {[%clk 0:45:12]} 51. Kd5 {[%clk
0:36:43]} Rb8 {[%clk 0:45:06]} 52. Kd4 {[%clk 0:36:39]} Rd8+ {[%clk 0:45:01]}
53. Ke3 {[%clk 0:36:34]} Re1+ {[%clk 0:44:52]} 54. Kf2 {[%clk 0:36:30]} Rde8
{[%clk 0:44:44]} 55. Kg2 {[%clk 0:36:25]} Rf8 {[%clk 0:44:39]} 56. Kh2 {[%clk
0:36:22]} Rf4 {[%clk 0:44:31]} 57. Kg2 {[%clk 0:36:18]} Kh5 {[%clk 0:44:26]}
58. Kg3 {[%clk 0:36:14]} Rg1+ {[%clk 0:44:19]} 59. Kh2 {[%clk 0:36:09]} Rgg4
{[%clk 0:44:03]} 60. Kh3 {[%clk 0:36:05]} Rf3+ {[%clk 0:43:53]} 61. Kh2 {[%clk
0:36:00]} Kh4 {[%clk 0:43:45]} 62. Kh1 {[%clk 0:35:50]} Rh3# 0-1

[Event "DVM U10 2016"]
[Site "Magdeburg GER"]
[Date "2016.12.29"]
[Round "7"]
[White "Duduka, Artem"]
[Black "Stych, Paul"]
[Result "1-0"]
[Termination "normal"]
[Board "1.2"]
[WhiteElo "1435"]
[BlackElo "1136"]
[WhiteClock "00:45:22"]
[BlackClock "00:13:16"]
[WhiteTeam "SF Nordost Berlin 1"]
[BlackTeam "SF Brackel"]
[PlyCount "127"]
[WhiteFideId "14194805"]
[BlackFideId "16255615"]
[EventCountry "GER"]
[EventRounds "7"]
[EventType "team-swiss"]
[EventDate "2016.12.27"]

1. e4 {[%clk 0:59:59]} e5 {[%clk 0:59:56]} 2. Nf3 {[%clk 0:59:50]} Nc6 {[%clk
0:59:49]} 3. d4 {[%clk 0:59:45]} exd4 4. Nxd4 {[%clk 0:59:41]} Nf6 {[%clk
0:59:37]} 5. Nxc6 {[%clk 0:59:37]} bxc6 {[%clk 0:59:29]} 6. e5 {[%clk 0:59:26]}
Qe7 {[%clk 0:59:22]} 7. Qe2 {[%clk 0:59:21]} Nd5 {[%clk 0:59:12]} 8. c4 {[%clk
0:59:16]} Ba6 {[%clk 0:59:05]} 9. b3 {[%clk 0:59:08]} Qh4 {[%clk 0:58:40]} 10.
Bb2 {[%clk 0:58:26]} Bb4+ {[%clk 0:57:29]} 11. Nd2 {[%clk 0:58:12]} Bc3 {[%clk
0:55:05]} 12. Bxc3 {[%clk 0:57:39]} Nxc3 {[%clk 0:54:53]} 13. Qe3 {[%clk
0:57:12]} O-O {[%clk 0:53:10]} 14. Qxc3 {[%clk 0:56:48]} Rfe8 {[%clk 0:52:24]}
15. Be2 {[%clk 0:55:56]} d6 {[%clk 0:51:49]} 16. Nf3 {[%clk 0:54:56]} Qe4
{[%clk 0:50:01]} 17. Qd3 {[%clk 0:54:39]} Qxd3 {[%clk 0:49:26]} 18. Bxd3 {[%clk
0:54:32]} dxe5 {[%clk 0:49:16]} 19. Be4 {[%clk 0:54:28]} Rad8 {[%clk 0:47:10]}
20. O-O {[%clk 0:53:58]} Bb7 {[%clk 0:45:18]} 21. Rad1 {[%clk 0:53:52]} Rxd1
22. Rxd1 g6 {[%clk 0:42:09]} 23. g4 {[%clk 0:53:18]} Re7 {[%clk 0:41:08]} 24.
Rd8+ {[%clk 0:53:07]} Kg7 {[%clk 0:41:01]} 25. Rb8 {[%clk 0:52:55]} Ba6 {[%clk
0:40:38]} 26. Bxc6 {[%clk 0:52:48]} e4 {[%clk 0:40:07]} 27. Nd4 {[%clk
0:52:20]} e3 {[%clk 0:36:37]} 28. fxe3 {[%clk 0:52:17]} Rxe3 {[%clk 0:36:24]}
29. Kf2 {[%clk 0:52:07]} Rd3 {[%clk 0:34:38]} 30. Nf3 {[%clk 0:51:58]} Rc3
{[%clk 0:33:42]} 31. Be4 {[%clk 0:51:53]} Rc1 {[%clk 0:33:15]} 32. Ne1 {[%clk
0:51:20]} Ra1 {[%clk 0:31:46]} 33. a4 {[%clk 0:51:12]} Ra2+ {[%clk 0:31:30]}
34. Nc2 {[%clk 0:51:03]} Kf6 {[%clk 0:30:04]} 35. Ke2 {[%clk 0:50:40]} Rb2
{[%clk 0:29:39]} 36. Kd2 {[%clk 0:50:16]} Rb1 {[%clk 0:27:49]} 37. Ne1 {[%clk
0:50:11]} Rb2+ {[%clk 0:27:09]} 38. Bc2 {[%clk 0:50:04]} Ra2 {[%clk 0:25:57]}
39. Kc1 {[%clk 0:49:46]} Bxc4 {[%clk 0:25:07]} 40. bxc4 {[%clk 0:49:36]} Ra1+
{[%clk 0:24:49]} 41. Kd2 {[%clk 0:49:12]} Kg5 {[%clk 0:24:10]} 42. Rf8 {[%clk
0:48:48]} Kxg4 {[%clk 0:20:12]} 43. Rxf7 c5 {[%clk 0:19:32]} 44. Rxh7 {[%clk
0:48:37]} Ra3 {[%clk 0:19:00]} 45. Nd3 {[%clk 0:48:31]} Ra1 {[%clk 0:18:56]}
46. Nc1 {[%clk 0:48:19]} Ra3 {[%clk 0:18:34]} 47. Nd3 {[%clk 0:48:06]} Ra1
{[%clk 0:18:24]} 48. Rg7 {[%clk 0:47:57]} g5 {[%clk 0:18:14]} 49. Rxa7 {[%clk
0:47:44]} Rh1 {[%clk 0:18:09]} 50. Rh7 {[%clk 0:47:36]} Kf3 {[%clk 0:17:52]}
51. a5 {[%clk 0:47:30]} Ra1 {[%clk 0:17:38]} 52. Ra7 {[%clk 0:47:20]} g4 {[%clk
0:17:17]} 53. Rf7+ {[%clk 0:47:15]} Kg2 {[%clk 0:15:31]} 54. Ra7 {[%clk
0:47:11]} Kxh2 {[%clk 0:15:21]} 55. a6 {[%clk 0:47:04]} g3 {[%clk 0:15:12]} 56.
Rh7+ {[%clk 0:46:59]} Kg1 {[%clk 0:15:00]} 57. Rg7 {[%clk 0:46:26]} g2 {[%clk
0:14:51]} 58. Nf4 {[%clk 0:46:21]} Rxa6 {[%clk 0:14:32]} 59. Rxg2+ {[%clk
0:46:14]} Kh1 {[%clk 0:14:18]} 60. Rg5 {[%clk 0:45:55]} Rc6 {[%clk 0:13:47]}
61. Be4+ {[%clk 0:45:48]} Kh2 {[%clk 0:13:35]} 62. Rg2+ {[%clk 0:45:30]} Kh1
{[%clk 0:13:25]} 63. Rf2+ {[%clk 0:45:22]} Kg1 {[%clk 0:13:16]} 64. Nh3# 1-0